Normale Ansicht MARC-Ansicht ISBD

Die wirtschaftlichen Verhältnisse der Grenzmark und mittleren Ostmark (Titelsatznr. 77483)

[ MARC ]
MARC-Details
000 -Satzkennung
Kontrollfeld mit fester Länge 00454naa a2200181 4500
001 - Kontrollnummer
Kontrollfeld 17135
003 - Kontrollnummer Identifier
Kontrollfeld OSt
005 - Datum und Zeit der letzten Transaktion
Kontrollfeld 20230627102904.0
007 - Feld mit fester Länge zur physischen Beschreibung - Allgemeine Information
Kontrollfeld mit fester Länge tu
008 - Feld mit fester Länge zur physischen Beschreibung - Allgemeine Angaben
Kontrollfeld mit fester Länge 130220||||||||||||
040 ## - Katalogisierungsquelle
Original-Katalogisierungsstelle DE-2950
Übertragungsstelle DE-2950
100 1# - Haupteintragung - Personenname
Personenname Klein, Günter
245 04 - Titel
Titel Die wirtschaftlichen Verhältnisse der Grenzmark und mittleren Ostmark
260 ## - Publikation, Vertrieb usw.
Erscheinungsjahr, Vertriebsjahr etc. 1927
650 04 - Nebeneintragung unter einem Schlagwort - Sachschlagwort
Sachschlagwort oder geografischer Name als Eintragungselement Wirtschaft
773 0# - Übergeordnete Einheit
Ort, Verlag und Erscheinungsjahr Berlin : Dari-Verl., 1927
Verknüpfungsangaben S. 41 - 46
Titel Ostmark
Datensatzkontrollnummer 17132
942 ## - Zusätzliche Felder (Koha)
Klassifikation oder Aufstellungssystematik Andere/Generische Klassifikation
Koha-Medientyp Aufsätze
Exemplare
Ausgeschieden Verloren Klassifikation oder Aufstellungssystematik Beschädigt Nicht entleihbar Heimatbibliothek Aufenthaltsbibliothek Aufstellungsort Erwerbungsdatum Anzahl Ausleihen Signatur Letzte Aktivität Preis gültig von Koha-Medientyp
    Andere/Generische Klassifikation     Stadtarchiv Frankfurt (Oder) | Archivbibliothek Stadtarchiv Frankfurt (Oder) | Archivbibliothek Magazin 25/11/2020   IV: 1362 25/11/2020 25/11/2020 Aufsätze